5HLuxD.jpg

KING HENRY VIII SENIOR AND PRIMARY SCHOOL LIBRARY OPAC

Harry Potter and the half-blood prince / (Record no. 16)

000 -LEADER
fixed length control field 00835nam a2200253 a 4500
003 - CONTROL NUMBER IDENTIFIER
control field OSt
005 - DATE AND TIME OF LATEST TRANSACTION
control field 20190724085658.0
008 - FIXED-LENGTH DATA ELEMENTS--GENERAL INFORMATION
fixed length control field 050718s2005 enk j eng
020 ## - INTERNATIONAL STANDARD BOOK NUMBER
International Standard Book Number 9781408855706
040 ## - CATALOGING SOURCE
Original cataloging agency CaNSH
Language of cataloging eng
Modifying agency CaOL
Transcribing agency KH8
082 ## - DEWEY DECIMAL CLASSIFICATION NUMBER
Classification number FIC ROW
100 1# - MAIN ENTRY--PERSONAL NAME
Personal name Rowling, J. K.
245 10 - TITLE STATEMENT
Title Harry Potter and the half-blood prince /
Statement of responsibility, etc. J. K. Rowling.
246 10 - VARYING FORM OF TITLE
Title proper/short title Half-blood prince.
260 ## - PUBLICATION, DISTRIBUTION, ETC.
Place of publication, distribution, etc. London :
Name of publisher, distributor, etc. Bloomsbury;
Place of publication, distribution, etc. Vancouver :
Name of publisher, distributor, etc. Raincoast Books,
Date of publication, distribution, etc. 2005.
300 ## - PHYSICAL DESCRIPTION
Extent 607 p.
Dimensions 20 cm.
490 1# - SERIES STATEMENT
Series statement The Harry Potter series
Volume/sequential designation 6.
500 ## - GENERAL NOTE
General note Published in Great Britain by Bloomsbury Publishing in 2014 with different map illustration (ISBN 9780747581086)
650 #0 - SUBJECT ADDED ENTRY--TOPICAL TERM
Topical term or geographic name entry element Wizards
Form subdivision Fiction.
650 #0 - SUBJECT ADDED ENTRY--TOPICAL TERM
Topical term or geographic name entry element Boarding schools
Form subdivision Fiction.
655 #0 - INDEX TERM--GENRE/FORM
Genre/form data or focus term Fantasy fiction.
830 #0 - SERIES ADDED ENTRY--UNIFORM TITLE
Uniform title Harry Potter series ;
Volume/sequential designation 6.
942 ## - ADDED ENTRY ELEMENTS (KOHA)
Source of classification or shelving scheme
Koha item type Books - Fiction
Holdings
Withdrawn status Lost status Source of classification or shelving scheme Damaged status Not for loan Collection code Permanent Location Current Location Shelving location Date acquired Total Checkouts Total Renewals Full call number Barcode Date last seen Date last checked out Copy number Price effective from Koha item type
          Fiction KH8 Senior School Library KH8 Senior School Library Fiction 2019-07-23 6 1 FIC ROW 3KHSL000101292 2025-10-27 2025-10-17 1 2019-07-23 Books - Fiction
          Fiction KH8 Senior School Library KH8 Senior School Library Fiction 2019-12-06 3   FIC ROW 3KHSL000101506 2025-12-12 2025-09-26 2 2019-12-06 Books - Fiction

Powered By KH8 IT Dept